| 000 | 00438nam a2200181Ia 4500 | ||
|---|---|---|---|
| 005 | 20250423100606.0 | ||
| 008 | 250422s9999 xx 000 0 und d | ||
| 020 | _a9781935168478 | ||
| 050 | _aQA 331.3 .S53/ | ||
| 100 | _aSharma, Man M. | ||
| 245 | 0 | _aPre-calculus | |
| 260 | _aNew York | ||
| 260 | _bEduco International Inc. | ||
| 260 | _c2011 | ||
| 300 | _a592 p | ||
| 650 | _aFunctions--Outlines, syllabi, etc. | ||
| 942 | _cBK | ||
| 999 |
_c33772 _d33772 |
||